000
00304nam a22001217a 4500
005
20230726121013.0
008
230726b |||||||| |||| 00| 0 eng d
041
_a
eng
100
_a
NLC BHARAT
_9
7877
245
_a
TRYST WITH PEOPLE : PREAMBLES OF CONSTITUTION IN THE WORLD
300
_a
173;p
942
_c
BK
999
_c
8338
_d
8336